000 00771cam a22002411 4500
001 13285
005 20250805134223.0
008 841015s1931 nyua 000 0 eng
010 _a 31013857
035 _a2635510
040 _aDLC/ICU
_cICU
_dDLC
_dBSULIB
050 0 0 _aQA533
_b.T5
082 0 0 _a514.5
_bTHO
100 1 _aThompson, James Edgar,
_d1892-
_925786
245 1 0 _aTrigonometry for the practical man,
_cby J.E. Thompson ...
260 _aNew York,
_bD. Van Nostrand company, inc.,
_c1931.
300 _ax, 204 p.
_bill.
_c20 cm.
440 0 _aMathematics for self study
_925787
650 0 _aPlane trigonometry.
_93905
906 _a7
_bcbc
_corignew
_du
_eocip
_f19
_gy-gencatlg
942 _2ddc
_cBK
999 _c13285
_d13285